The Great Khali's WrestleMania Opponents - Statistics

General Stats
  • This quiz has been taken 8 times
  • The average score is 6 of 7
Answer Stats
WrestleMania Opponent % Correct
WrestleMania XXVIII Dolph Ziggler
100%
WrestleMania 23 Kane
100%
WrestleMania XXVIII Mark Henry
100%
WrestleMania XXVIII The Miz
88%
WrestleMania XXVIII David Otunga
75%
WrestleMania XXVIII Drew McIntyre
75%
WrestleMania XXVIII Jack Swagger
63%
No matching quizzes found
Score Distribution
Percent of People with Each Score
Percentile by Number Answered
Your Score History
You have not taken this quiz